Arts of the City Victorious : (Record no. 353185)

000 -LEADER
fixed length control field 01465 a2200325 4500
003 - CONTROL NUMBER IDENTIFIER
control field OSt
005 - DATE AND TIME OF LATEST TRANSACTION
control field 20180116192358.0
008 - FIXED-LENGTH DATA ELEMENTS--GENERAL INFORMATION
fixed length control field 120606t xxu||||| |||| 00| 0 eng d
010 ## - LIBRARY OF CONGRESS CONTROL NUMBER
LC control number 2007032122
020 ## - INTERNATIONAL STANDARD BOOK NUMBER
International Standard Book Number 9780300135428 (cl : alk. paper)
020 ## - INTERNATIONAL STANDARD BOOK NUMBER
International Standard Book Number 0300135424 (cl : alk. paper)
035 ## - SYSTEM CONTROL NUMBER
System control number (OCoLC)ocn165081886
035 ## - SYSTEM CONTROL NUMBER
System control number (OCoLC)165081886
040 ## - CATALOGING SOURCE
Transcribing agency 0
082 00 - DEWEY DECIMAL CLASSIFICATION NUMBER
Classification number 709.620902
100 1# - MAIN ENTRY--PERSONAL NAME
Personal name Bloom, Jonathan
9 (RLIN) 4070
245 10 - TITLE STATEMENT
Title Arts of the City Victorious :
Remainder of title Islamic art and architecture in Fatimid North Africa and Egypt /
Statement of responsibility, etc. Jonathan M. Bloom.
260 ## - PUBLICATION, DISTRIBUTION, ETC.
Place of publication, distribution, etc. New Haven :
Name of publisher, distributor, etc. Yale University Press :
-- In association with the Institute of Ismaili Studies,
Date of publication, distribution, etc. c2007.
300 ## - PHYSICAL DESCRIPTION
Extent xv, 236 p. :
Other physical details ill. (some col.), col. map ;
Dimensions 29 cm.
650 10 - SUBJECT ADDED ENTRY--TOPICAL TERM
Topical term or geographic name entry element Decorative arts, Fatimid
Geographic subdivision Africa, North.
9 (RLIN) 4071
650 10 - SUBJECT ADDED ENTRY--TOPICAL TERM
Topical term or geographic name entry element Decorative arts, Fatimid
Geographic subdivision Egypt.
9 (RLIN) 4072
650 10 - SUBJECT ADDED ENTRY--TOPICAL TERM
Topical term or geographic name entry element Architecture, Fatimid
Geographic subdivision Africa, North.
9 (RLIN) 4073
650 10 - SUBJECT ADDED ENTRY--TOPICAL TERM
Topical term or geographic name entry element Architecture, Fatimid
Geographic subdivision Egypt.
9 (RLIN) 4074
710 2# - ADDED ENTRY--CORPORATE NAME
Corporate name or jurisdiction name as entry element Institute of Ismaili Studies.
9 (RLIN) 4075
856 41 - ELECTRONIC LOCATION AND ACCESS
Materials specified Table of contents only
Uniform Resource Identifier <a href="http://www.loc.gov/catdir/toc/ecip0724/2007032122.html">http://www.loc.gov/catdir/toc/ecip0724/2007032122.html</a>
856 41 - ELECTRONIC LOCATION AND ACCESS
Materials specified Contributor biographical information
Uniform Resource Identifier <a href="http://www.loc.gov/catdir/enhancements/fy0828/2007032122-b.html">http://www.loc.gov/catdir/enhancements/fy0828/2007032122-b.html</a>
856 41 - ELECTRONIC LOCATION AND ACCESS
Materials specified Publisher description
Uniform Resource Identifier <a href="http://www.loc.gov/catdir/enhancements/fy0828/2007032122-d.html">http://www.loc.gov/catdir/enhancements/fy0828/2007032122-d.html</a>
942 ## - ADDED ENTRY ELEMENTS (KOHA)
Institution code [OBSOLETE] SADA
Koha item type Book
Call number prefix 709.620902 BLO 2007
Source of classification or shelving scheme
Holdings
Withdrawn status Lost status Source of classification or shelving scheme Damaged status Not for loan Permanent Location Current Location Date acquired Total Checkouts Full call number Barcode Date last seen Date last checked out Cost, replacement price Price effective from Koha item type
          School of Art Design and Architecture (SADA) School of Art Design and Architecture (SADA) 06/03/2011 1 709.620902 BLO 2007 SADA0001167 04/02/2013 03/06/2013 5261.00 08/05/2011 Book
© 2023 Central Library, National University of Sciences and Technology. All Rights Reserved.